- Alvarado Solís, Neyra
Entry Nombre Personal
001 - NUMERO DE CONTROL
- campo de control: 51150
003 - IDENTIFICADOR DE NUMERO DE CONTROL
- campo de control: UPN
005 - FECHA Y HORA DE LA ÜLTIMA TRANSACCIÓN
- campo de control: 20240221092414.0
008 - DATOS DE LONGITUD FIJA
- campo de control de longitud fija: 240221|| aca||abbn | aaa d
040 ## - FUENTE DE CATALOGACIÓN
- Agencia original de catalogación: MX-MxUPN
- Lenguaje de catalogación: spa
- Agencia de transcripción: MX-MxUPN
100 1# - ENCABEZAMIENTO - NOMBRE PERSONAL
- Nombre personal: Alvarado Solís, Neyra
371 ## - DIRECCIÓN
- Electronic mail address: neyra.alvarado@colsan.edu.mx
373 ## - GRUPO ASOCIADO
- Fuente del término: $naf
- Associated group: Université de Paris X: Nanterre
- Associated group: Universidad Nacional Autónoma de México
- Associated group: Escuela Nacional de Antropología e Historia (Mexico)
373 ## - GRUPO ASOCIADO
- Fuente del término: MXMxUNAM
- Associated group: El Colegio de San Luis (México)
374 ## - OCUPACIÓN
- Occupation: Etnóloga
- Occupation: Profesora investigadora
377 ## - LENGUA ASOCIADA
- Language code: spa
400 1# - VEÁSE - NOMBRE DE PERSONA
- Personal name: Alvarado Solís, Neyra Patricia
670 ## - FUENTE EN LA QUE SE LOCALIZARON DATOS
- Cita de la fuente: Library of Congress, 21 de febrero de 2024 :
- Información localizada: (Alvarado Solís, Neyra)
- Uniform Resource Identifier: https://lccn.loc.gov/n98019150
670 ## - FUENTE EN LA QUE SE LOCALIZARON DATOS
- Cita de la fuente: Pápagos, 2007:
- Información localizada: página legal (Neyra Patricia Alvarado Solís es doctora por la Universidad de París X, Nanterre e investigadora del Centro de Investigación y Estudios Superiores en Antropología Social. Sus áreas de especialización son historia oral, medicina tradicional y ritual, especialmente entre los mexicaneros (nahuas de Durango))
670 ## - FUENTE EN LA QUE SE LOCALIZARON DATOS
- Cita de la fuente: Academia Mexicana de Ciencias, 21 de febrero de 2024 :
- Información localizada: (Doctora en etnología por la Universidad de París, X, Nanterre, maestra en Estudios Mesoamericanos por la Facultad de Filosofía y Letras de la Universidad Nacional Autónoma de México y licenciada en etnología por la Escuela Nacional de Antropología e Historia. Miembro del Sistema Nacional de Investigadores Nivel I, desde 2002. Profesora-investigadora de tiempo completo en El Colegio de San Luis, A.C.)
670 ## - FUENTE EN LA QUE SE LOCALIZARON DATOS
- Cita de la fuente: CONAHCYT, 21 de febrero de 2024:
- Información localizada: (Dra. Neyra Patricia Alvarado Solís. Cargo: Profesor - Investigador. Correo: neyra.alvarado@colsan.edu.mx)
902 ## - CATALOGADOR
- Catalogador: MaríaRobles/210224
